000 01074nam a2200313Ia 4500
005 20220316235230.0
008 121119s1996 ag gr 001 0 spa
020 _a9501516415
041 0 _aspa
082 0 4 _a158.1
_bG64I
100 1 _aGoleman, Daniel,
245 1 3 _aLa inteligencia emocional
_cDaniel Goleman
246 2 _aSubtítulo de la tapa: Por qué es más importante que el cociente intelectual
250 _aPrimera edición
264 1 _aBuenos Aires
_bJavier Vergara
_c1996
300 _a397 páginas
_c24 cm.
336 _atexto
_btxt
_2rdacontent
337 _asin mediación
_bn
_2rdamedia
338 _avolumen
_bnc
_2rdacarrier
490 0 _aPara vivir mejor
500 _aIncluye índice al final del texto
534 _bTítulo original: Emotional intelligence
650 1 4 _2LEMB
_aÉxito y personalidad
_vPsicología
650 1 4 _2LEMB
_aAutorealización
_vPsicología
650 1 4 _2LEMB
_aSalud mental
_vPsicología
650 1 4 _2LEMB
_aDesarrollo de la personalidad
_vPsicología
942 _2ddc
_cBK
040 _aCO-BoRNBP
_bspa
_erda
_cCO-BoRNBP
999 _c304
_d304